LEADER 00839nam0-22002771i-450- 001 990002105230403321 005 20060413100637.0 035 $a000210523 035 $aFED01000210523 035 $a(Aleph)000210523FED01 035 $a000210523 100 $a20030910d1989----km-y0itay50------ba 101 0 $aeng 102 $aUS 200 1 $aComputer-intensive methods for testing hypotheses$ean introduction$fEric W. Noreen 210 $aNew York$cJohn Wiley & Sons$d1989 215 $a229 p.$d23 cm 225 1 $a<>Wiley Inter-Science Publication 700 1$aNoreen,$bEric W.$089056 801 0$aIT$bUNINA$gRICA$2UNIMARC 901 $aBK 912 $a990002105230403321 952 $a62 519.2:681.39 NOR$bDEPA 6100$fDAGEA 959 $aDAGEA 996 $aComputer-intensive methods for testing hypotheses$9394529 997 $aUNINA LEADER 00767cam0 22002533 450 001 SOB004414 005 20120518105312.0 010 $a8806157450 100 $a20040211d2001 |||||ita|0103 ba 101 $aita 102 $aIT 200 1 $aDigiunare, divorare$fAnita Desai$gTr. Anna Nadotti 210 $aTorino$cEinaudi$d2001 215 $a224 p.$d24 cm. 700 1$aDesai$b, Anita$3AF00005578$4070$0163492 801 0$aIT$bUNISOB$c20120518$gRICA 850 $aUNISOB 852 $aUNISOB$j853$m105019 912 $aSOB004414 940 $aM 102 Monografia moderna SBN 941 $aM 957 $a853$b000922$gSI$d105019$racquisto$1carrano$2UNISOB$3UNISOB$420120518105209.0$520120518105257.0$6carrano 996 $aDigiunare, divorare$91730876 997 $aUNISOB